[Event "Quebec op"]
[Site "Montreal CAN"]
[Date "2012.07.23"]
[Round "4"]
[White "Voskanyan, Vahagn"]
[Black "Sambuev, Bator"]
[Result "0-1"]
[WhiteElo "2240"]
[BlackElo "2542"]
[PlyCount "72"]
[GameId "2160767909442045"]
[EventDate "2012.07.21"]
[EventType "swiss"]
[EventRounds "9"]
[EventCountry "CAN"]
[SourceTitle "CBM 149 Extra"]
[Source "ChessBase"]
[SourceDate "2012.08.24"]
[SourceVersion "1"]
[SourceVersionDate "2012.08.24"]
[SourceQuality "1"]

1. Nf3 d5 2. d4 c6 3. e3 e6 4. c4 Bd6 5. Nc3 f5 6. Be2 Nd7 7. Qc2 Nh6 8. Bd2 O-O 9. h3 Qe7 10. O-O-O dxc4 11. Bxc4 b5 12. Bd3 e5 13. e4 f4 14. Kb1 a6 15. Ne2 Bb7 16. Rhe1 c5 17. dxc5 Nxc5 18. Nc3 Rac8 19. Bf1 Nf7 20. Nd5 Qe6 21. Ba5 h6 22. Qe2 Nd7 23. Qd2 Nf6 24. Nc3 b4 25. Nd5 Bxd5 26. exd5 Qf5+ 27. Ka1 e4 28. Nd4 Qxd5 29. Bxb4 e3 30. fxe3 Ne4 31. Qe2 Bxb4 32. Nc2 Bd2 33. exf4 Nfd6 34. Na3 Qa5 35. Rxd2 Nxd2 36. Qe6+ Kh8 0-1

[Event "Quebec op"]
[Site "Montreal CAN"]
[Date "2012.07.23"]
[Round "4"]
[White "Yang, Darwin"]
[Black "Gerzhoy, Leonid"]
[Result "0-1"]
[WhiteElo "2498"]
[BlackElo "2459"]
[PlyCount "116"]
[GameId "2160767909442046"]
[EventDate "2012.07.21"]
[EventType "swiss"]
[EventRounds "9"]
[EventCountry "CAN"]
[SourceTitle "CBM 149 Extra"]
[Source "ChessBase"]
[SourceDate "2012.08.24"]
[SourceVersion "1"]
[SourceVersionDate "2012.08.24"]
[SourceQuality "1"]

1. d4 d5 2. c4 c6 3. Nc3 e6 4. e3 Bd6 5. Bd3 f5 6. g4 Nf6 7. gxf5 dxc4 8. Bxc4 exf5 9. Nf3 Qe7 10. Bd2 Be6 11. Bxe6 Qxe6 12. Ng5 Qe7 13. Qb3 Na6 14. a3 Rb8 15. e4 h6 16. Ne6 fxe4 17. O-O-O Kd7 18. Nf4 Rhe8 19. Rhe1 g5 20. Nd3 Qe6 21. Qa4 Qf5 22. Ne5+ Rxe5 23. dxe5 Nc5 24. Qxa7 e3 25. Qxc5 Bxc5 26. Bxe3+ Ke6 27. Bxc5 Nd5 28. Ne2 Kf7 29. Nd4 Qf4+ 30. Kb1 Re8 31. Bd6 Kg6 32. Nc2 Qxf2 33. Rf1 Qxh2 34. Nb4 Nxb4 35. Rf6+ Kg7 36. axb4 Qe2 37. Rdf1 Qe4+ 38. Kc1 Qc4+ 39. Kb1 Qd3+ 40. Kc1 Qc4+ 41. Kb1 Qd3+ 42. Kc1 Ra8 43. Rf7+ Kg8 44. Rf8+ Rxf8 45. Rxf8+ Kg7 46. Rf6 g4 47. Bf8+ Kg8 48. e6 Qc4+ 49. Kb1 Qe4+ 50. Ka2 g3 51. Bc5 Kg7 52. Rf7+ Kg6 53. Re7 g2 54. Re8 Kh5 55. e7 Qc4+ 56. b3 Qc2+ 57. Ka3 Qb1 58. b5 g1=Q 0-1

[Event "Quebec op"]
[Site "Montreal CAN"]
[Date "2012.07.23"]
[Round "4"]
[White "Ye, Stephen"]
[Black "Gagnon, Serge"]
[Result "0-1"]
[WhiteElo "1913"]
[BlackElo "2027"]
[PlyCount "66"]
[GameId "2160767909442047"]
[EventDate "2012.07.21"]
[EventType "swiss"]
[EventRounds "9"]
[EventCountry "CAN"]
[SourceTitle "hb 2012"]

1. e4 d6 2. d4 Nf6 3. Nc3 g6 4. Nf3 Bg7 5. h3 O-O 6. Be3 c6 7. a4 Nbd7 8. Be2 e5 9. dxe5 dxe5 10. Nd2 Qe7 11. O-O Nc5 12. Bf3 Rd8 13. Qe2 Ne6 14. Rfc1 Nd4 15. Qf1 Qb4 16. Rab1 Nxf3+ 17. Nxf3 Nxe4 18. Nxe4 Qxe4 19. b3 h6 20. Qe2 Bf5 21. Nd2 Qb4 22. Nf1 Rd7 23. Ng3 Be6 24. c3 Qe7 25. a5 f5 26. b4 Qf7 27. f4 Ba2 28. Ra1 Bc4 29. Qd1 e4 30. Ne2 Bxe2 31. Qxe2 Rd3 32. Qe1 Qc4 33. Ra3 a6 0-1

[Event "Quebec op"]
[Site "Montreal CAN"]
[Date "2012.07.23"]
[Round "4"]
[White "Yu, Zong Yang"]
[Black "Luo, Zhao Yang"]
[Result "1/2-1/2"]
[WhiteElo "1943"]
[BlackElo "2042"]
[PlyCount "103"]
[GameId "2160767909442048"]
[EventDate "2012.07.21"]
[EventType "swiss"]
[EventRounds "9"]
[EventCountry "CAN"]
[SourceTitle "hb 2012"]

1. d4 Nf6 2. c4 d6 3. Nc3 Nbd7 4. e4 e5 5. Nf3 g6 6. Be2 Bg7 7. O-O O-O 8. Re1 Re8 9. d5 Nc5 10. Nd2 a5 11. Qc2 Ng4 12. Nf1 Nh6 13. Be3 f5 14. f3 Bd7 15. Rad1 b6 16. b3 Nf7 17. a3 f4 18. Bf2 g5 19. b4 axb4 20. axb4 Na4 21. Ra1 Nxc3 22. Qxc3 Qe7 23. c5 bxc5 24. bxc5 dxc5 25. Bxc5 Qf6 26. Ra7 Rxa7 27. Bxa7 c6 28. dxc6 Qxc6 29. Qxc6 Bxc6 30. Bc4 Ra8 31. Bf2 Bf8 32. Rc1 Bd7 33. Bd5 Rc8 34. Rxc8 Bxc8 35. Nd2 Ba6 36. Nc4 Bxc4 37. Bxc4 Kg7 38. Kf1 Nd6 39. Ba6 Kf6 40. Ke2 Ke6 41. Kd3 Kd7 42. h4 h6 43. hxg5 hxg5 44. Ke2 Kc6 45. Kf1 Nb5 46. Kg1 Bc5 47. Bxc5 Kxc5 48. Kh2 Nc3 49. Kh3 Nd1 50. Kg4 Ne3+ 51. Kxg5 Nxg2 52. Bc8 1/2-1/2

[Event "Quebec op"]
[Site "Montreal CAN"]
[Date "2012.07.24"]
[Round "5"]
[White "Arencibia Rodriguez, Walter"]
[Black "Rozentalis, Eduardas"]
[Result "1/2-1/2"]
[WhiteElo "2526"]
[BlackElo "2600"]
[PlyCount "46"]
[GameId "2160767909442049"]
[EventDate "2012.07.21"]
[EventType "swiss"]
[EventRounds "9"]
[EventCountry "CAN"]
[SourceTitle "CBM 149 Extra"]
[Source "ChessBase"]
[SourceDate "2012.08.24"]
[SourceVersion "1"]
[SourceVersionDate "2012.08.24"]
[SourceQuality "1"]

1. d4 Nf6 2. c4 e6 3. Nf3 b6 4. g3 Bb7 5. Bg2 Be7 6. O-O O-O 7. Nc3 Ne4 8. Nxe4 Bxe4 9. Qa4 d6 10. Rd1 Qe8 11. Qxe8 Rxe8 12. Ne1 Bxg2 13. Nxg2 Bf6 14. e4 c5 15. dxc5 dxc5 16. f4 Bd4+ 17. Kf1 Nc6 18. Rb1 Rad8 19. Ne1 a6 20. Nc2 e5 21. f5 b5 22. Ne3 Rb8 23. Bd2 b4 1/2-1/2

[Event "Quebec op"]
[Site "Montreal CAN"]
[Date "2012.07.24"]
[Round "5"]
[White "Arsenault, Nicolas"]
[Black "Gelet, Seymour"]
[Result "1-0"]
[WhiteElo "2106"]
[BlackElo "2009"]
[PlyCount "49"]
[GameId "2160767909442050"]
[EventDate "2012.07.21"]
[EventType "swiss"]
[EventRounds "9"]
[EventCountry "CAN"]
[SourceTitle "hb 2012"]

1. e4 c5 2. Nf3 Nc6 3. Bb5 Nd4 4. Nxd4 cxd4 5. O-O a6 6. Ba4 b5 7. Bb3 Bb7 8. d3 Nf6 9. f4 e6 10. Nd2 Be7 11. Qe2 Rc8 12. e5 Nd5 13. Ne4 f5 14. exf6 Nxf6 15. Nxf6+ Bxf6 16. f5 Qe7 17. fxe6 dxe6 18. Bd2 Rc6 19. a3 O-O 20. Bb4 Qe8 21. Bxf8 Kxf8 22. Qg4 Rd6 23. Rae1 e5 24. Qf5 Ke7 25. Rxe5+ 1-0

[Event "Quebec op"]
[Site "Montreal CAN"]
[Date "2012.07.24"]
[Round "5"]
[White "Auger, Bertrand"]
[Black "Gauthier, Denis"]
[Result "1/2-1/2"]
[WhiteElo "1928"]
[BlackElo "1987"]
[PlyCount "111"]
[GameId "2160767909442051"]
[EventDate "2012.07.21"]
[EventType "swiss"]
[EventRounds "9"]
[EventCountry "CAN"]
[SourceTitle "hb 2012"]

1. Nf3 Nf6 2. g3 d5 3. Bg2 Bg4 4. c4 c6 5. cxd5 cxd5 6. Ne5 Bf5 7. Qa4+ Nbd7 8. O-O e6 9. Nxd7 Qxd7 10. Qxd7+ Kxd7 11. Nc3 Bd6 12. Nb5 Bc5 13. d3 a6 14. Nc3 Bg6 15. h3 Rab8 16. Bf4 Rbc8 17. Be5 Ne8 18. Na4 Ba7 19. Rfc1 f6 20. Rxc8 Kxc8 21. Bf4 Kd7 22. Rc1 Nd6 23. Nc5+ Bxc5 24. Rxc5 b6 25. Rc1 Bf7 26. h4 h6 27. Be3 Rb8 28. f4 Nb5 29. a4 Nd6 30. b4 Rc8 31. Rxc8 Nxc8 32. Kf1 Kd6 33. Ke1 Be8 34. a5 bxa5 35. bxa5 Kc6 36. Bd2 Kb5 37. f5 Bd7 38. d4 Nd6 39. fxe6 Bxe6 40. e3 Nc4 41. Bf1 Bf5 42. Be2 Be4 43. Bc3 g5 44. Kf2 f5 45. Ke1 Bg2 46. Kf2 Be4 47. Ke1 g4 48. Kf2 Bc2 49. Ke1 h5 50. Bf1 Bb1 51. Be2 Be4 52. Kf2 Ka4 53. Bxc4 dxc4 54. Ke1 Kb3 55. Ke2 Bd5 56. Ba1 1/2-1/2

[Event "Quebec op"]
[Site "Montreal CAN"]
[Date "2012.07.24"]
[Round "5"]
[White "Barre, Michel"]
[Black "Ye, Stephen"]
[Result "1/2-1/2"]
[WhiteElo "1882"]
[BlackElo "1913"]
[PlyCount "70"]
[GameId "2160767909442052"]
[EventDate "2012.07.21"]
[EventType "swiss"]
[EventRounds "9"]
[EventCountry "CAN"]
[SourceTitle "hb 2012"]

1. e4 c5 2. Nf3 Nc6 3. d4 cxd4 4. Nxd4 g6 5. Nc3 Bg7 6. Be3 Nf6 7. Bc4 Qa5 8. O-O O-O 9. Bb3 d6 10. h3 Bd7 11. Re1 Rac8 12. Qe2 a6 13. Rad1 Rfe8 14. Nf3 b5 15. a3 Qc7 16. Bd2 Na5 17. e5 Nxb3 18. cxb3 dxe5 19. Nxe5 Be6 20. b4 Nd5 21. Nxd5 Bxd5 22. Bc3 Qb7 23. Qg4 Red8 24. f3 Bb3 25. Rxd8+ Rxd8 26. Qe4 Qxe4 27. Rxe4 Rd6 28. Re1 f6 29. Ng4 e5 30. Nf2 Kf7 31. Ne4 Rd5 32. Nc5 Bc4 33. Nxa6 Bf8 34. Kf2 Bd6 35. Nc5 Bxc5+ 1/2-1/2

[Event "Quebec op"]
[Site "Montreal CAN"]
[Date "2012.07.24"]
[Round "5"]
[White "Beaulieu, Pierre"]
[Black "Munshi, Shawkat"]
[Result "1-0"]
[WhiteElo "1901"]
[BlackElo "1678"]
[PlyCount "81"]
[GameId "2160767909442053"]
[EventDate "2012.07.21"]
[EventType "swiss"]
[EventRounds "9"]
[EventCountry "CAN"]
[SourceTitle "hb 2012"]

1. b3 Nf6 2. Bb2 e6 3. g3 Be7 4. Bg2 d5 5. e3 c5 6. f4 Nbd7 7. Nf3 b6 8. O-O Bb7 9. Ne5 Qc7 10. Na3 a6 11. Qe2 O-O 12. Rac1 b5 13. c3 Nxe5 14. fxe5 Qxe5 15. d4 cxd4 16. cxd4 Qd6 17. Rf4 b4 18. Nc2 a5 19. Ne1 Rfc8 20. Rd1 Rc7 21. Nd3 Ba6 22. g4 Rac8 23. g5 Ne8 24. Qh5 g6 25. Qh6 Bf8 26. Qh3 Ng7 27. Ne5 Qd8 28. Rh4 Qxg5 29. e4 dxe4 30. d5 exd5 31. Rxh7 Nh5 32. Nxf7 Bc5+ 33. Kh1 Qf5 34. Nh6+ Kxh7 35. Nxf5 Bd3 36. Ng3 Bf8 37. Nxh5 gxh5 38. Qxh5+ Bh6 39. Qf5+ Kg8 40. Qxd5+ Kh7 41. Bh3 1-0

[Event "Quebec op"]
[Site "Montreal CAN"]
[Date "2012.07.24"]
[Round "5"]
[White "Boudreau, Daniel"]
[Black "Zhu, Hong Rui"]
[Result "0-1"]
[WhiteElo "1956"]
[BlackElo "2084"]
[PlyCount "50"]
[GameId "2160767909442054"]
[EventDate "2012.07.21"]
[EventType "swiss"]
[EventRounds "9"]
[EventCountry "CAN"]
[SourceTitle "hb 2012"]

1. e4 c5 2. Nf3 d6 3. Bb5+ Bd7 4. Bxd7+ Qxd7 5. O-O Nc6 6. Qe2 e6 7. Rd1 Nf6 8. d4 cxd4 9. Nxd4 Be7 10. c4 Rd8 11. Nc3 Qc8 12. Bg5 O-O 13. Rac1 h6 14. Bh4 a6 15. Bg3 Ne8 16. Nc2 Bf6 17. Ne3 Qa8 18. Ng4 Be7 19. a4 h5 20. Nh6+ gxh6 21. Qxh5 Kg7 22. Bf4 Rh8 23. Rd3 Nf6 24. Bxh6+ Rxh6 25. Rg3+ Rg6 0-1

[Event "Quebec op"]
[Site "Montreal CAN"]
[Date "2012.07.24"]
[Round "5"]
[White "Carrier, Claude"]
[Black "Hebert, Jean"]
[Result "1/2-1/2"]
[WhiteElo "2197"]
[BlackElo "2436"]
[PlyCount "81"]
[GameId "2160767909442055"]
[EventDate "2012.07.21"]
[EventType "swiss"]
[EventRounds "9"]
[EventCountry "CAN"]
[SourceTitle "hb 2012"]

1. e4 e6 2. d4 d5 3. Nc3 Bb4 4. e5 b6 5. a3 Bf8 6. Bb5+ c6 7. Ba4 Ne7 8. Bg5 h6 9. Qh5 Ba6 10. Nce2 Qc8 11. Rd1 Bxe2 12. Nxe2 Qa6 13. Bb3 c5 14. Bxe7 Bxe7 15. Qg4 g5 16. dxc5 bxc5 17. Qa4+ Kf8 18. c4 d4 19. O-O Qb6 20. Bc2 Nc6 21. Be4 Rc8 22. Bxc6 Qxc6 23. Qc2 Rb8 24. f4 gxf4 25. Nxf4 Ke8 26. Rf3 Rg8 27. Rdf1 Bg5 28. Qh7 Kd7 29. Qxf7+ Be7 30. Nd5 exd5 31. Rf6 Rbf8 32. Qh7 Rxf6 33. Rxf6 Qc8 34. Rd6+ Kc7 35. Qxe7+ Kb8 36. cxd5 d3 37. Rd7 d2 38. Qd6+ Ka8 39. Qc6+ Kb8 40. Qd6+ Ka8 41. Qc6+ 1/2-1/2

[Event "Quebec op"]
[Site "Montreal CAN"]
[Date "2012.07.24"]
[Round "5"]
[White "Gagnon, Serge"]
[Black "Sun, Mike"]
[Result "1-0"]
[WhiteElo "2027"]
[BlackElo "1680"]
[PlyCount "167"]
[GameId "2160767909442056"]
[EventDate "2012.07.21"]
[EventType "swiss"]
[EventRounds "9"]
[EventCountry "CAN"]
[SourceTitle "hb 2012"]

1. e4 c5 2. Nf3 d6 3. d4 cxd4 4. Nxd4 Nf6 5. Nc3 g6 6. Be2 Bg7 7. O-O O-O 8. Be3 a6 9. a4 Nc6 10. f3 a5 11. Qd2 Nb4 12. Ncb5 Bd7 13. c3 Nc6 14. Nc2 Ne5 15. Nca3 Bc6 16. c4 Bxb5 17. cxb5 d5 18. exd5 Nxd5 19. Bd4 e6 20. Rfd1 Rc8 21. Rac1 Qh4 22. Rxc8 Rxc8 23. g3 Qd8 24. Kg2 Qc7 25. b3 b6 26. Qb2 f6 27. f4 Nd7 28. Bg4 Nf8 29. Nc4 Re8 30. Bf3 Nd7 31. Rc1 Qb8 32. Qf2 Nb4 33. Rd1 e5 34. fxe5 fxe5 35. Bxb6 Nxb6 36. Qxb6 e4 37. Bg4 Qxb6 38. Nxb6 Nc2 39. Nc4 e3 40. Kf1 Nd4 41. Re1 Nxb3 42. Rxe3 Rxe3 43. Nxe3 Nc5 44. Nc4 Nxa4 45. b6 Nxb6 46. Nxb6 Kf7 47. Ke2 g5 48. Kd3 Be5 49. Nc4 Bc7 50. Ke4 Kf6 51. Bh5 h6 52. Ne3 Bd8 53. Nd5+ Ke6 54. Bg4+ Kd6 55. Bd1 Ke6 56. Bb3 Kd6 57. Kf5 h5 58. Nf6 h4 59. Ne4+ Kc6 60. g4 h3 61. Nxg5 Bc7 62. Nf3 Kd7 63. Kf6 Ke8 64. g5 Kf8 65. g6 Bd8+ 66. Kf5 Bc7 67. Ba4 Kg7 68. Kg5 Bd6 69. Bd7 Bc7 70. Bxh3 a4 71. Be6 Bd6 72. Bf7 a3 73. h4 Be7+ 74. Kh5 Bf6 75. Ng5 a2 76. Bxa2 Bb2 77. Ne4 Kh8 78. Kg5 Ba1 79. h5 Bb2 80. h6 Bc1+ 81. Kh5 Bb2 82. Ng5 Bc3 83. Nf7+ Kg8 84. h7+ 1-0

[Event "Quebec op"]
[Site "Montreal CAN"]
[Date "2012.07.24"]
[Round "5"]
[White "Gedajlovic, Max"]
[Black "O'Neill, Brendon"]
[Result "1-0"]
[WhiteElo "1817"]
[BlackElo "1496"]
[PlyCount "51"]
[GameId "2160767909442057"]
[EventDate "2012.07.21"]
[EventType "swiss"]
[EventRounds "9"]
[EventCountry "CAN"]
[SourceTitle "EXT 2022"]
[Source "ChessBase"]
[SourceDate "2021.10.06"]
[SourceVersion "1"]
[SourceVersionDate "2021.10.06"]
[SourceQuality "1"]

1. d4 Nf6 2. c4 g6 3. Nc3 Bg7 4. e4 O-O 5. f3 d6 6. Be3 Na6 7. Nge2 c5 8. d5 Ne8 9. Qd2 f5 10. h4 Nf6 11. exf5 Bxf5 12. g4 Bd7 13. h5 Qe8 14. hxg6 hxg6 15. Nf4 e5 16. dxe6 Bxe6 17. O-O-O Bxg4 18. fxg4 Nxg4 19. Nfd5 Nb4 20. Bg1 Qf7 21. Bg2 Bxc3 22. bxc3 Nc6 23. Nb6 Qf6 24. Nxa8 Rxa8 25. Rf1 Qg7 26. Bd5+ 1-0

[Event "Quebec op"]
[Site "Montreal CAN"]
[Date "2012.07.24"]
[Round "5"]
[White "Gerzhoy, Leonid"]
[Black "Sumets, Andrey"]
[Result "1/2-1/2"]
[WhiteElo "2459"]
[BlackElo "2618"]
[PlyCount "33"]
[GameId "2160767909442058"]
[EventDate "2012.07.21"]
[EventType "swiss"]
[EventRounds "9"]
[EventCountry "CAN"]
[SourceTitle "CBM 149 Extra"]
[Source "ChessBase"]
[SourceDate "2012.08.24"]
[SourceVersion "1"]
[SourceVersionDate "2012.08.24"]
[SourceQuality "1"]

1. d4 d5 2. c4 c6 3. Nf3 Nf6 4. e3 a6 5. Bd3 Bg4 6. Nbd2 Nbd7 7. Qc2 dxc4 8. Nxc4 Bxf3 9. gxf3 c5 10. Bd2 cxd4 11. Ba5 Qc8 12. Rc1 Qc5 13. exd4 Qxd4 14. Ne3 e6 15. Qc8+ Rxc8 16. Rxc8+ Ke7 17. Bd8+ 1/2-1/2

[Event "Quebec op"]
[Site "Montreal CAN"]
[Date "2012.07.24"]
[Round "5"]
[White "Gilbert, Erick"]
[Black "Nardone, Raul"]
[Result "1/2-1/2"]
[WhiteElo "1808"]
[BlackElo "1870"]
[PlyCount "63"]
[GameId "2160767909442059"]
[EventDate "2012.07.21"]
[EventType "swiss"]
[EventRounds "9"]
[EventCountry "CAN"]
[SourceTitle "hb 2012"]

1. Nf3 Nf6 2. c4 g6 3. g3 Bg7 4. Bg2 O-O 5. O-O d6 6. d4 Re8 7. Nc3 Nc6 8. a3 e5 9. dxe5 Nxe5 10. Nxe5 Rxe5 11. b3 Re8 12. Bb2 Rb8 13. Qd2 Bd7 14. Rad1 a6 15. a4 Bc6 16. Nd5 Nxd5 17. cxd5 Bd7 18. Bxg7 Kxg7 19. Qd4+ Kg8 20. e4 a5 21. f4 b5 22. Rb1 bxa4 23. bxa4 c5 24. dxc6 Bxc6 25. f5 Rxb1 26. Rxb1 Qa8 27. f6 h5 28. Qxd6 Bxe4 29. Bxe4 Qxe4 30. Rb8 Qe1+ 31. Kg2 Qe2+ 32. Kg1 1/2-1/2

[Event "Quebec op"]
[Site "Montreal CAN"]
[Date "2012.07.24"]
[Round "5"]
[White "Goldner, John"]
[Black "Plante, Michel"]
[Result "1-0"]
[WhiteElo "1667"]
[BlackElo "2084"]
[PlyCount "115"]
[GameId "2160767909442060"]
[EventDate "2012.07.21"]
[EventType "swiss"]
[EventRounds "9"]
[EventCountry "CAN"]
[SourceTitle "hb 2012"]

1. e4 d6 2. d4 Nf6 3. Nc3 Nbd7 4. Nf3 e5 5. Bc4 Be7 6. Ng5 O-O 7. Bxf7+ Rxf7 8. Ne6 Qe8 9. Nxc7 Qd8 10. Nxa8 b5 11. dxe5 dxe5 12. Nd5 Bb7 13. Nac7 Bc5 14. Bg5 Bxf2+ 15. Ke2 Qc8 16. Bxf6 Nxf6 17. Nxf6+ Rxf6 18. Nd5 Rf7 19. h3 b4 20. Ne7+ Rxe7 21. Kxf2 Qf8+ 22. Kg1 Rc7 23. Rc1 h6 24. Qe2 Rc6 25. Kh2 Qf4+ 26. g3 Qf7 27. Rhf1 Qxa2 28. b3 Ba6 29. Qd2 Qa5 30. Qd5+ Qxd5 31. exd5 Rd6 32. Rfd1 Be2 33. Rd2 Bf3 34. c4 bxc3 35. Rxc3 e4 36. Kg1 Kf7 37. Kf2 Kf6 38. Rc6 Ke5 39. Rxd6 Kxd6 40. Ke3 g5 41. Kd4 e3 42. Kxe3 Bxd5 43. b4 a6 44. h4 Ke6 45. Rf2 gxh4 46. gxh4 h5 47. Kd4 Bb3 48. Re2+ Kd6 49. Re5 Bd1 50. Ra5 Be2 51. Ke3 Bb5 52. Kd4 Kc6 53. Ra1 Be2 54. Re1 Bg4 55. Re5 Kb6 56. Ke3 Kc6 57. Rg5 Kc7 58. Rxg4 1-0

[Event "Quebec op"]
[Site "Montreal CAN"]
[Date "2012.07.24"]
[Round "5"]
[White "Greeff, Melissa"]
[Black "Voskanyan, Vahagn"]
[Result "0-1"]
[WhiteElo "2091"]
[BlackElo "2240"]
[PlyCount "105"]
[GameId "2160767909442061"]
[EventDate "2012.07.21"]
[EventType "swiss"]
[EventRounds "9"]
[EventCountry "CAN"]
[SourceTitle "CBM 149 Extra"]
[Source "ChessBase"]
[SourceDate "2012.08.24"]
[SourceVersion "1"]
[SourceVersionDate "2012.08.24"]
[SourceQuality "1"]

1. e4 c6 2. d4 d5 3. exd5 cxd5 4. c4 Nf6 5. Nc3 g6 6. Qb3 Bg7 7. cxd5 O-O 8. Be2 Nbd7 9. Bf3 Nb6 10. Nge2 Ne8 11. O-O Bf5 12. Rd1 Nd6 13. Bf4 Nbc4 14. Rac1 Rc8 15. Nb5 Qa5 16. Nxd6 Nxd6 17. g4 Rxc1 18. Rxc1 Bc8 19. Kf1 Qa6 20. Kg2 Bd7 21. Rc7 Bb5 22. Rxe7 Bf6 23. Re3 Nc4 24. Re4 g5 25. Nc3 Bd7 26. Bc1 Nd6 27. Re1 h6 28. Be2 Qa5 29. Be3 Re8 30. Qc2 Kg7 31. Rf1 b5 32. a3 Qc7 33. h3 a5 34. Qb3 Qb7 35. Bd3 b4 36. Ne2 a4 37. Qxb4 Qxd5+ 38. Kh2 Bc6 39. Rg1 Qf3 40. Qxd6 Rxe3 41. Qg3 Rxd3 42. Qxf3 Bxf3 43. Ng3 Kg6 44. Nf5 Bd5 45. Nd6 Rxd4 46. Ne4 Rxe4 47. Rb1 Re2 48. b3 Rxf2+ 49. Kg3 Rb2 50. Rxb2 Bxb2 51. bxa4 Bxa3 52. h4 h5 53. gxh5+ 0-1

[Event "Quebec op"]
[Site "Montreal CAN"]
[Date "2012.07.24"]
[Round "5"]
[White "Hansen, Eric"]
[Black "Bruzon Batista, Lazaro"]
[Result "0-1"]
[WhiteElo "2460"]
[BlackElo "2711"]
[PlyCount "172"]
[GameId "2160767909442062"]
[EventDate "2012.07.21"]
[EventType "swiss"]
[EventRounds "9"]
[EventCountry "CAN"]
[SourceTitle "CBM 149 Extra"]
[Source "ChessBase"]
[SourceDate "2012.08.24"]
[SourceVersion "1"]
[SourceVersionDate "2012.08.24"]
[SourceQuality "1"]

1. e4 c5 2. Nf3 d6 3. d4 cxd4 4. Nxd4 Nf6 5. Nc3 a6 6. Be2 e5 7. Nb3 Be7 8. g4 h6 9. Be3 Be6 10. Bf3 Nc6 11. Qe2 Na5 12. O-O-O Nc4 13. Kb1 Nxe3 14. Qxe3 Nxg4 15. Bxg4 Bxg4 16. f3 Bg5 17. Qf2 Be6 18. h4 Bf6 19. Nd5 Bxd5 20. Rxd5 O-O 21. h5 Qc7 22. Rhd1 Rad8 23. Qd2 Bg5 24. Qd3 Qc8 25. Na5 b5 26. c4 Qc7 27. Qc3 Rc8 28. Rxd6 bxc4 29. Rc6 Qa7 30. Qxc4 Rcd8 31. Rf1 Qe3 32. a3 Rd2 33. Rc8 Rxc8 34. Qxc8+ Bd8 35. Nc4 Qd3+ 36. Ka2 Rc2 37. Nxe5 Qxa3+ 38. Kxa3 Rxc8 39. Rd1 Be7+ 40. Ka4 Bf6 41. Rd5 Bxe5 42. Rxe5 Rc6 43. Ka5 g6 44. b4 Kg7 45. f4 Rf6 46. hxg6 Kxg6 47. Rf5 h5 48. Rxf6+ Kxf6 49. Kxa6 h4 50. b5 h3 51. b6 h2 52. b7 h1=Q 53. b8=Q Qxe4 54. Qh8+ Ke7 55. Qh4+ Ke6 56. Kb5 f6 57. Kc5 Qd5+ 58. Kb4 Qd4+ 59. Kb5 Kf5 60. Kc6 Qxf4 61. Qh5+ Ke4 62. Qe2+ Qe3 63. Qc2+ Kf3 64. Qf5+ Qf4 65. Qd3+ Kg4 66. Qg6+ Kh4 67. Qh7+ Kg3 68. Qg6+ Qg5 69. Qd3+ Kh4 70. Qh7+ Qh5 71. Qe4+ Qg4 72. Qh7+ Kg3 73. Kd6 f5 74. Qa7 Kh3 75. Qh7+ Kg2 76. Ke5 Qe2+ 77. Kf4 Qe4+ 78. Kg5 Qe3+ 79. Kf6 Qc3+ 80. Kg5 Qg3+ 81. Kf6 f4 82. Qc2+ Kh3 83. Kf5 f3 84. Qe4 Kh2 85. Ke6 f2 86. Qe2 Kg1 0-1

[Event "Quebec op"]
[Site "Montreal CAN"]
[Date "2012.07.24"]
[Round "5"]
[White "Humphreys, Michael"]
[Black "Qin, Zi Yi (Joey)"]
[Result "0-1"]
[WhiteElo "2202"]
[BlackElo "2198"]
[PlyCount "88"]
[GameId "2160767909442063"]
[EventDate "2012.07.21"]
[EventType "swiss"]
[EventRounds "9"]
[EventCountry "CAN"]

1. Nf3 Nf6 2. c4 g6 3. g3 Bg7 4. Bg2 d6 5. d4 O-O 6. Nc3 c6 7. O-O Qa5 8. Qd2 e5 9. d5 c5 10. a3 a6 11. Rb1 Qc7 12. e4 Nbd7 13. Ne1 Ne8 14. Nd3 f5 15. f4 b5 16. exf5 bxc4 17. Nxe5 Nxe5 18. fxe5 Bxf5 19. Be4 Bxe5 20. Bxf5 gxf5 21. Qe2 Ng7 22. Qxc4 Rf6 23. Ne2 Re8 24. Bf4 Qb7 25. b4 Bxf4 26. Nxf4 Re4 27. Qc3 Qe7 28. bxc5 dxc5 29. Rb8+ Rf8 30. Rxf8+ Kxf8 31. Ne6+ Nxe6 32. Qh8+ Kf7 33. dxe6+ Kxe6 34. Qc8+ Qd7 35. Qxa6+ Ke5 36. Qb6 Qd4+ 37. Kh1 Qd5 38. Qb8+ Kf6 39. Qf8+ Kg6 40. Kg1 Re2 41. Rf2 Re1+ 42. Rf1 Qd4+ 43. Kg2 Re2+ 44. Kh1 Qe4+ 0-1

[Event "Quebec op"]
[Site "Montreal CAN"]
[Date "2012.07.24"]
[Round "5"]
[White "Kovalyov, Anton"]
[Black "Naroditsky, Daniel"]
[Result "1/2-1/2"]
[WhiteElo "2614"]
[BlackElo "2486"]
[PlyCount "136"]
[GameId "2160767909442064"]
[EventDate "2012.07.21"]
[EventType "swiss"]
[EventRounds "9"]
[EventCountry "CAN"]
[SourceTitle "CBM 149 Extra"]
[Source "ChessBase"]
[SourceDate "2012.08.24"]
[SourceVersion "1"]
[SourceVersionDate "2012.08.24"]
[SourceQuality "1"]

1. Nf3 Nf6 2. c4 g6 3. Nc3 Bg7 4. e4 d6 5. d4 O-O 6. Be2 e5 7. Be3 Na6 8. O-O Ng4 9. Bg5 Qe8 10. h3 h6 11. Bh4 exd4 12. Nxd4 Nf6 13. f3 Nh5 14. Qd2 Qe5 15. Rfd1 Ng3 16. Qe1 Nxe2+ 17. Qxe2 f5 18. exf5 Qxe2 19. Ncxe2 Bxf5 20. Nxf5 Rxf5 21. Nd4 Rc5 22. Rac1 Re8 23. Bf2 d5 24. Ne6 Rxc4 25. Rxc4 dxc4 26. Nxg7 Kxg7 27. Rd7+ Kf8 28. Kf1 Re5 29. a3 Ke8 30. Rh7 h5 31. Rg7 Re6 32. Bd4 c5 33. Bc3 b5 34. Rxa7 b4 35. axb4 cxb4 36. Bd4 Rc6 37. Ke2 c3 38. bxc3 bxc3 39. Bxc3 Rxc3 40. Rxa6 Rc2+ 41. Kf1 Kf7 42. Kg1 Kg7 43. Kh2 Kf7 44. h4 Rb2 45. Kg3 Rc2 46. Ra1 Rb2 47. Rf1 Kf6 48. Rf2 Rb4 49. Kh3 Ra4 50. g3 Ra3 51. Kg2 Rd3 52. Rc2 Re3 53. Kf2 Re6 54. Re2 Ra6 55. Re4 Ra3 56. Ke2 Ra2+ 57. Ke3 Ra3+ 58. Kf4 Ra6 59. Rd4 Rc6 60. Rb4 Ra6 61. Rc4 Rb6 62. Ke4 Re6+ 63. Kd4 Rd6+ 64. Kc3 Rd1 65. Rd4 Rg1 66. g4 hxg4 67. fxg4 Rh1 68. h5 gxh5 1/2-1/2

[Event "Quebec op"]
[Site "Montreal CAN"]
[Date "2012.07.24"]
[Round "5"]
[White "Larochelle, Martial"]
[Black "Trahan, Daniel"]
[Result "0-1"]
[WhiteElo "2240"]
[BlackElo "2095"]
[PlyCount "68"]
[GameId "2160767909442065"]
[EventDate "2012.07.21"]
[EventType "swiss"]
[EventRounds "9"]
[EventCountry "CAN"]
[SourceTitle "hb 2012"]

1. c4 c5 2. Nf3 Nf6 3. Nc3 d5 4. cxd5 Nxd5 5. d4 e6 6. e4 Nxc3 7. bxc3 cxd4 8. cxd4 Bb4+ 9. Bd2 Bxd2+ 10. Qxd2 O-O 11. Bc4 b6 12. O-O Bb7 13. Rfe1 Nc6 14. Rad1 Rc8 15. d5 Na5 16. Bd3 exd5 17. e5 Nc4 18. Qf4 f6 19. e6 Qe7 20. Nd4 g6 21. Qh4 Nb2 22. Rd2 Nxd3 23. Rxd3 Rc4 24. Qh6 Re8 25. Red1 Qg7 26. Qf4 a6 27. h3 Bc8 28. Qf3 Bb7 29. Qf4 Bc8 30. Qd6 Qc7 31. Qxd5 Bb7 32. Qd7 Re7 33. Qxc7 Rcxc7 34. Rb1 Be4 0-1